Poesías completas : (Record no. 45328)

MARC details
000 -CABECERA
campo de control de longitud fija 00715nam a2200229 a 4500
003 - IDENTIFICADOR DEL NÚMERO DE CONTROL
campo de control MX-MxUPN
005 - FECHA Y HORA DE LA ÚLTIMA TRANSACCIÓN
campo de control 20240805103313.0
008 - ELEMENTOS DE LONGITUD FIJA--INFORMACIÓN GENERAL
campo de control de longitud fija 991125s1910 mx r 000 0 spa d
035 ## - NÚMERO DE CONTROL DEL SISTEMA
Número de control de sistema UPN01000045328
040 ## - FUENTE DE LA CATALOGACIÓN
Centro catalogador/agencia de origen MX-MxUPN
Lengua de catalogación spa
Centro/agencia transcriptor MX-MxUPN
041 0# - CÓDIGO DE IDIOMA
Código de lengua del texto/banda sonora o título independiente spa
050 14 - SIGNATURA TOPOGRÁFICA DE LA BIBLIOTECA DEL CONGRESO
Número de clasificación PQ7297 D55
Número de documento/Ítem D5.6
100 1# - ASIENTO PRINCIPAL--NOMBRE PERSONAL
Nombre de persona Díaz Mirón, Salvador,
Fechas asociadas al nombre 1853-1928
9 (RLIN) 30957
245 10 - MENCIÓN DE TÍTULO
Título Poesías completas :
Resto del título 1876-1928
260 ## - PUBLICACIÓN, DISTRIBUCIÓN, ETC.
Lugar de publicación, distribución, etc. México :
Nombre del editor, distribuidor, etc. ARS,
Fecha de publicación, distribución, etc. 1910
300 ## - DESCRIPCIÓN FÍSICA
Extensión 275 páginas
490 0# - MENCIÓN DE SERIE
Mención de serie Autores clásicos mexicanos. Serie 1. Poesía
650 #4 - ASIENTO SECUNDARIO DE MATERIA - TERMINO TEMATICO
Término de materia o nombre geográfico como elemento de entrada Poesía mexicana
9 (RLIN) 1273
710 2# - ASIENTO SECUNDARIO - NOMBRE CORPORATIVO
Nombre de entidad corporativa o nombre de jurisdicción como elemento de entrada Instituto Federal de Capacitación del Magisterio (México)
9 (RLIN) 28505
Término indicativo de función/relación propietario anterior
904 ## - ELEMENTOS DE DATOS D LOCAL, LDD (RLIN)
a AC
b 045330
942 ## - ELEMENTOS DE PUNTO DE ACCESO ADICIONAL (KOHA)
Fuente del sistema de clasificación o colocación Library of Congress Classification
Tipo de ítem Koha Libro
Holdings
Estado de retiro Estado de pérdida Fuente del sistema de clasificación o colocación Estado dañado No para préstamo Código de colección Localización permanente Ubicación/localización actual Ubicación en estantería Fecha de adquisición Clasificación Código de barras Fecha visto por última vez Tipo de ítem Koha Nota pública
    Library of Congress Classification   Disponible (Previa cita) Fondo Reservado de libros Bib. Gregorio Torres Quintero Bib. Gregorio Torres Quintero Sala de Fondos Reservados Planta alta 13/09/2022 PQ7297 D55 D5.6 44805 31/12/2020 Libro Ejemplar con sello de la Biblioteca del Instituto Federal de Capacitación del Magisterio